000 00493nam a2200181Ia 4500
003 GCL
008 140319s9999 xx 000 0 eng d
040 _aGCL /
_cGCL
082 0 4 _a616.33
_bM I
100 1 _aYIANNAKOU, JOHN Y
245 1 0 _aILLUSTRATED CASE BUSTORIES GASTROENTERCOLOGY /
_cYIANNAKOU, JOHN Y
700 1 _aMORRIS,ANTHONY I
260 _a[S.N] :
_bMOSBY - WALFE ،
_c1994
300 _a127 P
650 0 4 _aPUBLIC HEALTH
650 0 4 _aGASTROENTEROLOGY
942 _2ddc
_cBK
999 _c16556
_d16556